000 00302nam a2200121Ia 4500
005 20260326100041.0
008 260326s9999||||xx |||||||||||||| ||und||
100 _aGutiérrez, Ramón
245 0 _aHistoria General del Arte /
_cRamón Gutiérrez
260 _bEspasa-Calpe
650 _aARTE
942 _cBK
999 _c7024
_d7024